| 000 | 00755nam a2200265 a 4500 | ||
|---|---|---|---|
| 001 | 77152 | ||
| 003 | BD-RjUL | ||
| 005 | 20211209082931.0 | ||
| 008 | 200226s1993 ii a 001 0 eng | ||
| 035 | _a(DLC) 92061600 | ||
| 035 | _a(BD-RjUL)77376 | ||
| 040 |
_aDLC _cDLC _dDLC _dBD-RjUL _beng |
||
| 041 | _aeng | ||
| 082 | 0 | 0 |
_223 _a620.00420285 _bMIA 1993 |
| 100 | 1 |
_aMiller, Alan R., _d1932- _9239974 |
|
| 245 | 1 | 4 |
_aThe ABC's of AutoCAD release 12 / _cAlan R. Miller. |
| 260 |
_aNew Delhi: _bBPB Publications, _cc1993. |
||
| 300 |
_axxiv, 316 p. : _bill. ; _c23 cm. |
||
| 500 | _aIncludes index. | ||
| 650 | 0 |
_aComputer graphics. _9239975 |
|
| 650 | 0 |
_aAutoCAD _9239976 |
|
| 942 |
_2ddc _cBK |
||
| 999 |
_c77152 _d77152 |
||